[Event "Women's Speed Chess Q3"]
[Site "chess.com INT"]
[Date "2021.05.30"]
[Round "6"]
[White "Kiran, Manisha Mohanty"]
[Black "Komiagina, Maria"]
[Result "0-1"]
[WhiteTitle "WGM"]
[BlackTitle "WIM"]
[WhiteElo "2168"]
[BlackElo "2241"]
[WhiteFideId "5019575"]
[BlackFideId "4153987"]
[EventDate "2021.05.30"]

1. e4 g6 2. d4 Bg7 3. Nc3 d6 4. Be3 a6 5. Qd2 b5 6. Bd3 Bb7 7. a4 b4 8. Nce2 a5
9. Nf3 Nf6 10. Ng3 h5 11. h4 Ng4 12. Bg5 Nd7 13. O-O-O O-O 14. e5 dxe5 15. Nxe5
Ngxe5 16. dxe5 Nxe5 17. Bh6 Nxd3+ 18. cxd3 Qd4 19. Bxg7 Kxg7 20. Qg5 Kh7 21. Kb1
f6 22. Qc1 c5 23. Rhe1 e5 24. Ne4 Rac8 25. g4 hxg4 26. h5 g5 27. Nxg5+ fxg5 28.
Qxg5 Qd6 29. Rxe5 Rg8 30. Re7+ Kh8 31. Qe3 Bd5 32. Re1 Qf6 33. Qg3 c4 34. Qe5
Qxe5 35. R1xe5 Bf3 36. dxc4 Rxc4 37. Rxa5 Rd4 38. Raa7 Rg7 39. Rxg7 b3 40. Kc1
Rd1# 0-1

[Event "Women's Speed Chess Q3"]
[Site "chess.com INT"]
[Date "2021.05.30"]
[Round "6"]
[White "Kulkarni, Bhakti"]
[Black "Koridze, Lile"]
[Result "1-0"]
[WhiteTitle "IM"]
[BlackTitle "WFM"]
[WhiteElo "2391"]
[BlackElo "2016"]
[WhiteFideId "5019516"]
[BlackFideId "13612514"]
[EventDate "2021.05.30"]

1. d4 Nf6 2. Nf3 d5 3. e3 c6 4. Bd3 Bg4 5. O-O e6 6. Nbd2 Bd6 7. h3 Bh5 8. g4
Nxg4 9. hxg4 Bxg4 10. e4 dxe4 11. Nxe4 Bc7 12. Bg5 Qd5 13. c4 Qd7 14. Ne5 Bxe5
15. Qxg4 f5 16. Qh5+ g6 17. Qh6 fxe4 18. Bxe4 Bg7 19. Qh3 O-O 20. Rad1 Na6 21.
d5 Rae8 22. dxc6 Qc7 23. cxb7 Nc5 24. Bg2 Nxb7 25. b3 Nc5 26. Rfe1 Rf5 27. Bh4
Qf7 28. Bg3 Nd7 29. b4 Ne5 30. c5 Nf3+ 31. Bxf3 Rxf3 32. c6 Rc3 33. Rc1 Rxc1 34.
Rxc1 e5 35. Qd7 Re7 36. Qd8+ Bf8 37. c7 Rd7 38. Qxd7 1-0

[Event "Women's Speed Chess Q3"]
[Site "chess.com INT"]
[Date "2021.05.30"]
[Round "6"]
[White "Soumya, Swaminathan"]
[Black "Nanditha, V"]
[Result "1-0"]
[WhiteTitle "IM"]
[BlackTitle "WCM"]
[WhiteElo "2351"]
[BlackElo "1666"]
[WhiteFideId "5016193"]
[BlackFideId "46626697"]
[EventDate "2021.05.30"]

1. d4 d5 2. c4 e6 3. Nf3 Nf6 4. g3 Be7 5. Bg2 O-O 6. O-O c6 7. Qc2 Nbd7 8. Rd1
Ne4 9. b3 f5 10. a4 Rf6 11. Ng5 Rg6 12. Nxe4 fxe4 13. Bf4 Bg5 14. Qd2 Qf6 15.
Bxg5 Rxg5 16. h4 Rg6 17. Nc3 Nf8 18. Rf1 Qe7 19. Kh2 Bd7 20. f3 Qd6 21. f4 Be8
22. Bh3 Rf6 23. e3 Qe7 24. f5 exf5 25. Rxf5 Bg6 26. Rxf6 Qxf6 27. Rf1 Qe7 28.
Qf2 h6 29. cxd5 cxd5 30. Nxd5 Qd6 31. Nf4 Bh7 32. Be6+ Nxe6 33. Nh5 Qe7 34. d5
Nc5 35. d6 Qxd6 36. Qf7+ Kh8 37. Qxg7# 1-0

[Event "Women's Speed Chess Q3"]
[Site "chess.com INT"]
[Date "2021.05.30"]
[Round "6"]
[White "Priyanka, K"]
[Black "Havanecz, Bianka"]
[Result "0-1"]
[WhiteTitle "WIM"]
[BlackTitle "WIM"]
[WhiteElo "2218"]
[BlackElo "2257"]
[WhiteFideId "5082986"]
[BlackFideId "704814"]
[EventDate "2021.05.30"]

1. e4 c6 2. Nc3 d5 3. Nf3 Bg4 4. h3 Bxf3 5. Qxf3 e6 6. Be2 Nf6 7. O-O Bb4 8. e5
Nfd7 9. d4 c5 10. a3 Bxc3 11. bxc3 Nc6 12. Rd1 Qa5 13. a4 Rc8 14. Ba3 b6 15. Bb5
O-O 16. Rab1 Rfd8 17. Ra1 a6 18. Be2 cxd4 19. cxd4 Na7 20. Bd3 g6 21. h4 h5 22.
Qg3 Nf8 23. Bxf8 Rxf8 24. Qf3 Rc3 25. g4 hxg4 26. Qxg4 b5 27. h5 Kg7 28. hxg6 f5
29. Qg5 Qd8 30. Kg2 Qxg5+ 31. Kf3 Qg4+ 32. Ke3 Rxd3+ 0-1

[Event "Women's Speed Chess Q3"]
[Site "chess.com INT"]
[Date "2021.05.30"]
[Round "6"]
[White "Voit, Daria"]
[Black "Morris-Suzuki, Sophie"]
[Result "1-0"]
[WhiteTitle "WGM"]
[BlackTitle "WFM"]
[WhiteElo "2360"]
[BlackElo "2043"]
[WhiteFideId "4182146"]
[BlackFideId "30922615"]
[EventDate "2021.05.30"]

1. Nf3 d5 2. c4 Nf6 3. cxd5 Nxd5 4. e4 Nb6 5. d4 e6 6. Nc3 c5 7. Be3 N8d7 8. d5
exd5 9. exd5 Nf6 10. b3 Nbxd5 11. Nxd5 Qxd5 12. Qxd5 Nxd5 13. Rd1 Nf6 14. Bb5+
Bd7 15. Bxd7+ Nxd7 16. O-O Be7 17. Rfe1 O-O-O 18. b4 Kb8 19. Bf4+ Ka8 20. Rxe7
Nb6 21. Rxd8+ Rxd8 22. bxc5 Nd5 23. Rxf7 Nxf4 24. h3 Ne6 25. Ne5 a6 26. f4 Rd5
27. c6 Nd8 28. c7 Nxf7 29. c8=Q+ Ka7 30. Qc7 Nxe5 31. fxe5 Rd1+ 32. Kh2 Re1 33.
Qd6 Ka8 34. e6 Re2 35. e7 Ka7 36. Qd7 Kb6 37. e8=Q Rxa2 38. Qee6+ Ka5 39. Qdd5+
b5 40. Qxa2+ Kb4 41. Qb2+ Kc5 42. Qee5+ Kc6 43. Qbd4 a5 44. Qdd6+ Kb7 45. Qee7+
Kc8 46. Qdd8# 1-0

[Event "Women's Speed Chess Q3"]
[Site "chess.com INT"]
[Date "2021.05.30"]
[Round "6"]
[White "Eswaran, Aksithi"]
[Black "Purtseladze, Maka"]
[Result "0-1"]
[WhiteTitle "WCM"]
[BlackTitle "IM"]
[WhiteElo "1745"]
[BlackElo "2274"]
[WhiteFideId "2083485"]
[BlackFideId "13602659"]
[EventDate "2021.05.30"]

1. e4 c6 2. d4 d5 3. exd5 cxd5 4. Bd3 Nf6 5. c3 Nc6 6. Bf4 g6 7. Nf3 Bg7 8. Nbd2
Bg4 9. h3 Bxf3 10. Nxf3 O-O 11. O-O Qb6 12. Qd2 Rfe8 13. Bh6 Bh8 14. Rfe1 e6 15.
Ne5 Nxe5 16. dxe5 Nd7 17. Qf4 Qxb2 18. Rab1 Qxc3 19. Bb5 Rad8 20. Bxd7 Rxd7 21.
Rbc1 Qb2 22. Bg5 d4 23. Bf6 d3 24. Rcd1 Qd4 25. Qg3 Bxf6 26. exf6 Qxf6 27. Rxd3
Rxd3 28. Qxd3 Rd8 29. Qb5 Qe7 30. Rb1 b6 31. a4 Qd7 32. Qe2 Qxa4 33. Qe5 Qd7 34.
Ra1 a5 35. Rb1 Qd6 36. Qb5 Ra8 37. Ra1 a4 38. Rc1 a3 39. Ra1 a2 40. Qb2 Qd5 41.
Kh2 Qd6+ 42. Kg1 Qa3 43. Qe2 Qc3 44. Qd1 b5 45. Rc1 a1=Q 46. Rxa1 Qxa1 0-1

[Event "Women's Speed Chess Q3"]
[Site "chess.com INT"]
[Date "2021.05.30"]
[Round "6"]
[White "Rakshitta, Ravi"]
[Black "Putri, Regita Desyari"]
[Result "1-0"]
[WhiteTitle "WIM"]
[BlackTitle "WFM"]
[WhiteElo "2190"]
[BlackElo "1897"]
[WhiteFideId "25073230"]
[BlackFideId "7109083"]
[EventDate "2021.05.30"]

1. e4 e5 2. Nf3 Nc6 3. Bc4 Bc5 4. O-O Nf6 5. d4 Bxd4 6. Nxd4 Nxd4 7. f4 d6 8.
fxe5 dxe5 9. Bg5 Bg4 10. Bxf7+ Kxf7 11. Qxg4 Nxc2 12. Qh5+ Kg8 13. Bxf6 Qd4+ 14.
Kh1 Rf8 15. Nc3 Nxa1 16. Nd5 Rf7 17. Ne7+ Rxe7 18. Bxe7 g6 19. Qh4 Qd7 20. Rf8+
Kg7 21. Qf6+ Kh6 22. h3 Rxf8 23. Bxf8+ Kh5 24. g4+ Qxg4 25. hxg4+ Kxg4 26. Qxe5
Nc2 27. Qe6+ Kf4 28. Bh6+ Kf3 29. Qf7+ Ke2 30. Qxh7 Nd4 31. Qxg6 c5 32. e5 c4
33. e6 Kd1 34. e7 1-0

[Event "Women's Speed Chess Q3"]
[Site "chess.com INT"]
[Date "2021.05.30"]
[Round "6"]
[White "Narva, Mai"]
[Black "Varshini, V"]
[Result "1-0"]
[WhiteTitle "WIM"]
[BlackTitle "WGM"]
[WhiteElo "2276"]
[BlackElo "2226"]
[WhiteFideId "4500512"]
[BlackFideId "5091241"]
[EventDate "2021.05.30"]

1. e4 c5 2. Nf3 d6 3. d4 cxd4 4. Nxd4 Nf6 5. Nc3 a6 6. f4 e6 7. Be3 Be7 8. Be2
Qc7 9. O-O O-O 10. Nb3 b5 11. Bf3 Bb7 12. e5 dxe5 13. fxe5 Nfd7 14. Bf4 Bxf3 15.
Qxf3 Nc6 16. Qg3 Ndxe5 17. Rae1 f6 18. Kh1 Rad8 19. h3 Qd7 20. Ne4 Nd4 21. Nec5
Bxc5 22. Nxc5 Qc6 23. Bxe5 fxe5 24. Rxf8+ Rxf8 25. Qxe5 Nxc2 26. Qxe6+ Qxe6 27.
Rxe6 h6 28. Nxa6 Rf2 29. Nc7 Nd4 30. Re8+ Kh7 31. Re4 Nf5 32. Re5 h5 33. Kg1 Rf4
34. Ne6 Rb4 35. Rxf5 Rxb2 36. Rxh5+ Kg6 37. Nf4+ Kf6 38. Rc5 g5 39. Nd5+ Kg6 40.
Nc3 b4 41. Ne4 Rxa2 42. Rxg5+ Kh6 43. Rb5 Rb2 44. Nc5 Rb1+ 45. Kh2 Rb2 46. Nd3
Rd2 47. Nxb4 Rb2 48. Rb6+ Kh7 49. Nd5 Kg7 50. Rxb2 1-0

[Event "Women's Speed Chess Q3"]
[Site "chess.com INT"]
[Date "2021.05.30"]
[Round "6"]
[White "Zawadzka, Jolanta"]
[Black "Ambartsumova, Karina"]
[Result "1-0"]
[WhiteTitle "WGM"]
[BlackTitle "IM"]
[WhiteElo "2399"]
[BlackElo "2382"]
[WhiteFideId "1122320"]
[BlackFideId "4166299"]
[EventDate "2021.05.30"]

1. e4 c5 2. Nf3 e6 3. d4 cxd4 4. Nxd4 a6 5. Nc3 Qc7 6. Bd3 Nf6 7. Qe2 d6 8. O-O
Be7 9. Kh1 Nc6 10. Nxc6 bxc6 11. Be3 O-O 12. a4 e5 13. a5 d5 14. Bb6 Qb8 15.
Rfe1 d4 16. Na4 Nd7 17. c3 c5 18. Bc4 Nxb6 19. Nxb6 Ra7 20. cxd4 cxd4 21. Qh5 g6
22. Qh6 Bf6 23. Rec1 Bg7 24. Qh4 Rc7 25. Nd5 Rd7 26. b3 Qd6 27. Nb6 Rc7 28. Bd5
Rxc1+ 29. Rxc1 Be6 30. Qg5 Bxd5 31. Nxd5 Qa3 32. b4 Qb2 33. Rf1 h6 34. Qc1 Qa2
35. Kg1 Qe2 36. Re1 Qb5 37. Qc5 Qxc5 38. bxc5 Rb8 39. c6 Kf8 40. c7 Rc8 41. Rc1
Ke8 42. Nb6 Rxc7 43. Rxc7 Bf8 44. Rc8+ Ke7 45. Nd5+ Kd6 46. Rxf8 1-0

[Event "Women's Speed Chess Q3"]
[Site "chess.com INT"]
[Date "2021.05.30"]
[Round "6"]
[White "Dwilewicz, Katarzyna"]
[Black "Gaponenko, Inna"]
[Result "0-1"]
[WhiteTitle "WFM"]
[BlackTitle "IM"]
[WhiteElo "2092"]
[BlackElo "2357"]
[WhiteFideId "1148486"]
[BlackFideId "14101181"]
[EventDate "2021.05.30"]

1. e4 g6 2. d4 Bg7 3. Nc3 d6 4. f4 Nf6 5. Nf3 O-O 6. e5 dxe5 7. dxe5 Qxd1+ 8.
Nxd1 Ng4 9. h3 Nh6 10. Be3 Nf5 11. Bf2 e6 12. Nc3 b6 13. O-O-O Bb7 14. Be2 Re8
15. Rd2 Bf8 16. a3 Na6 17. Rhd1 Nc5 18. g4 Ne7 19. Bxc5 bxc5 20. Rd7 Rac8 21.
Na4 Nd5 22. f5 Bc6 23. R7xd5 exd5 24. Nc3 d4 25. Nb1 Bxf3 26. Bxf3 Rxe5 27. Nd2
gxf5 28. Nc4 Re6 29. gxf5 Rf6 30. Be4 Re8 31. Rg1+ Kh8 32. Bd3 Bh6+ 33. Kd1 Be3
34. Rg2 Rg8 35. Rxg8+ Kxg8 36. Ne5 Rh6 37. Bf1 Rh5 38. Bc4 Rxf5 39. Nxf7 Rxf7
40. Ke2 Kg7 41. Bxf7 Kxf7 0-1

[Event "Women's Speed Chess Q3"]
[Site "chess.com INT"]
[Date "2021.05.30"]
[Round "6"]
[White "Pandey, Srishti"]
[Black "Franco Valencia, Angela"]
[Result "0-1"]
[WhiteTitle "WFM"]
[BlackTitle "WIM"]
[WhiteElo "2026"]
[BlackElo "2089"]
[WhiteFideId "35093290"]
[BlackFideId "4403070"]
[EventDate "2021.05.30"]

1. d4 Nf6 2. c4 c5 3. d5 e6 4. Nc3 exd5 5. cxd5 d6 6. e4 g6 7. Bd3 Bg7 8. Nge2
O-O 9. O-O Re8 10. Ng3 h5 11. Re1 a6 12. a4 h4 13. Nf1 Bg4 14. f3 Bh5 15. Bf4
Nfd7 16. Bxd6 Qb6 17. Bxb8 c4+ 18. Kh1 cxd3 19. Bf4 Qxb2 20. Bd2 Bxc3 21. Rb1
Qc2 22. Bxc3 Qxc3 23. Rxb7 Ne5 24. Rb3 Qd4 25. Qd2 Nxf3 26. Rxd3 Nxd2 27. Rxd4
Nxf1 28. Rxf1 Rab8 29. Kg1 Rb3 30. h3 Re3 31. Rf4 Re1+ 32. Kf2 Re2+ 33. Kf1 Rb8
34. Rd1 Rbb2 35. Rxh4 Rxg2 36. Rc1 Rh2 37. Kg1 Rbg2+ 38. Kf1 Bf3 39. Rc8+ Kg7
40. Rhh8 Rh1# 0-1

[Event "Women's Speed Chess Q3"]
[Site "chess.com INT"]
[Date "2021.05.30"]
[Round "6"]
[White "Buksa, Nataliya"]
[Black "Perez Rodriguez, Jennifer"]
[Result "1-0"]
[WhiteTitle "IM"]
[BlackTitle "WIM"]
[WhiteElo "2414"]
[BlackElo "2251"]
[WhiteFideId "14123622"]
[BlackFideId "3507831"]
[EventDate "2021.05.30"]

1. d4 Nf6 2. Nc3 d5 3. Bf4 c6 4. e3 e6 5. Nf3 Nbd7 6. Bd3 Be7 7. Qe2 O-O 8. g4
Nxg4 9. Rg1 f5 10. h3 Ngf6 11. O-O-O Ne4 12. Bxe4 fxe4 13. Ng5 Nf6 14. Be5 h6
15. h4 Qe8 16. f4 exf3 17. Nxf3 Qh5 18. Qg2 Rf7 19. Ne2 Bd7 20. Nf4 Qf5 21. Qh2
Bf8 22. h5 Ng4 23. Qe2 Nf6 24. Rg2 Nxh5 25. Rdg1 Nxf4 26. exf4 Qe4 27. Qf2 c5
28. Nd2 Qf5 29. dxc5 Rc8 30. Qd4 Bxc5 31. Rxg7+ Kf8 32. Rg8+ Ke7 33. Qc3 Bxg1
34. Rxc8 Bxc8 35. Qxc8 Qg4 36. b3 Bb6 37. Qxb7+ Kf8 38. Qc8+ Ke7 39. a4 Rf8 40.
Qb7+ Ke8 41. Bd6 Rf7 42. Qc8+ Bd8 43. Kb2 Qf5 44. Nf3 Qf6+ 45. Ne5 Qxf4 46. Qc6+
Rd7 47. Qxd7# 1-0

[Event "Women's Speed Chess Q3"]
[Site "chess.com INT"]
[Date "2021.05.30"]
[Round "6"]
[White "Li, Xueyi"]
[Black "Zhai, Mo"]
[Result "0-1"]
[WhiteTitle "WGM"]
[BlackTitle "WGM"]
[WhiteElo "2328"]
[BlackElo "2366"]
[WhiteFideId "8605912"]
[BlackFideId "8600201"]
[EventDate "2021.05.30"]

1. Nf3 Nf6 2. g3 g6 3. Bg2 Bg7 4. O-O O-O 5. d4 b6 6. c4 Bb7 7. Nc3 Ne4 8. Nxe4
Bxe4 9. Bf4 d6 10. Qd2 Nd7 11. Bh6 c5 12. Bxg7 Kxg7 13. h4 h5 14. Rad1 Nf6 15.
b4 Qc8 16. dxc5 dxc5 17. b5 Rd8 18. Qc3 Qf5 19. a4 Bc2 20. Ra1 Be4 21. Ng5 Bxg2
22. Kxg2 Rd4 23. a5 Rad8 24. axb6 axb6 25. Rae1 Ne4 26. Nxe4 Qxe4+ 27. f3 Qe6
28. e3 Qxc4 29. Qa1 e5 30. exd4 exd4 31. Rb1 Qc2+ 32. Rf2 Qf5 33. Rc1 Rd6 34.
Qa7 Re6 35. Qc7 d3 36. Rd1 Qd5 0-1

[Event "Women's Speed Chess Q3"]
[Site "chess.com INT"]
[Date "2021.05.30"]
[Round "6"]
[White "Luong, Phuong Hanh"]
[Black "Zuriel, Marisa"]
[Result "0-1"]
[WhiteTitle "WIM"]
[BlackTitle "WIM"]
[WhiteElo "2229"]
[BlackElo "2203"]
[WhiteFideId "12401013"]
[BlackFideId "109142"]
[EventDate "2021.05.30"]

1. d4 Nf6 2. Nf3 c5 3. d5 b5 4. Bg5 Bb7 5. Bxf6 gxf6 6. e4 d6 7. Bxb5+ Nd7 8.
O-O a6 9. Ba4 h5 10. Nc3 h4 11. h3 Qa5 12. Bxd7+ Kxd7 13. Nd2 Bh6 14. Nc4 Qc7
15. Qg4+ Kd8 16. Rad1 Bc8 17. Qf3 Rb8 18. Rfe1 Rb4 19. b3 Bd7 20. a3 Rb7 21. e5
fxe5 22. Qxf7 Be8 23. Qf3 Kc8 24. Qf5+ Kb8 25. Ne4 Ka7 26. Qf3 Bd7 27. Qd3 Rbb8
28. b4 cxb4 29. axb4 Bb5 30. Ned2 Bxd2 31. Qxd2 Qxc4 32. Re3 Rhg8 33. Rc3 Qe4
34. f3 Qg6 35. Qf2+ Ka8 36. Ra1 e4 37. Rc6 Rb7 38. Raxa6+ Bxa6 39. Rxa6+ Kb8 40.
c3 exf3 41. g4 hxg3 42. Qa2 f2+ 43. Kg2 Qe4+ 44. Kf1 g2+ 45. Kxf2 g1=Q# 0-1

[Event "Women's Speed Chess Q3"]
[Site "chess.com INT"]
[Date "2021.05.30"]
[Round "6"]
[White "Paehtz, Elisabeth"]
[Black "Socko, Monika"]
[Result "1/2-1/2"]
[WhiteTitle "IM"]
[BlackTitle "GM"]
[WhiteElo "2456"]
[BlackElo "2421"]
[WhiteFideId "4641833"]
[BlackFideId "1106619"]
[EventDate "2021.05.30"]

1. d4 g6 2. c3 d6 3. Nf3 Bg7 4. Bg5 Nf6 5. Nbd2 h6 6. Bh4 Nbd7 7. e4 e5 8. dxe5
Nxe5 9. Nxe5 dxe5 10. Be2 O-O 11. Qc2 Be6 12. O-O c6 13. a4 Qc7 14. Nc4 Rad8 15.
a5 Rd7 16. f3 Nh5 17. Rfd1 Nf4 18. Bf1 Kh7 19. Bf2 Rfd8 20. Rxd7 Rxd7 21. Bxa7
Qd8 22. Be3 Qg5 23. Kh1 Qh5 24. Nb6 Rd8 25. Rd1 Rxd1 26. Qxd1 g5 27. Bxf4 exf4
28. Be2 Qg6 29. Nc4 g4 30. Nd6 g3 31. h3 Bf8 32. Nf5 Qf6 33. Bd3 Qe5 34. Qa4 Bc5
35. Qd1 h5 36. Bc2 Kg6 37. b4 Bf2 38. Qd2 Kh7 39. Nd4 c5 40. Nxe6 fxe6 41. b5 c4
42. a6 bxa6 43. bxa6 Qa5 44. e5+ Kg7 45. Qd7+ Kf8 46. Qd6+ Kf7 47. Qd7+ Kf8 48.
Qc8+ Kf7 49. Qd7+ Kf8 1/2-1/2

[Event "Women's Speed Chess Q3"]
[Site "chess.com INT"]
[Date "2021.05.30"]
[Round "6"]
[White "Shuvalova, Polina"]
[Black "Pourkashiyan, Atousa"]
[Result "1-0"]
[WhiteTitle "IM"]
[BlackTitle "WGM"]
[WhiteElo "2484"]
[BlackElo "2322"]
[WhiteFideId "24171760"]
[BlackFideId "12502014"]
[EventDate "2021.05.30"]

1. e4 c5 2. Nf3 e6 3. g3 a6 4. Bg2 Nc6 5. O-O Nf6 6. e5 Nd5 7. c4 Nb6 8. b3 Be7
9. Bb2 O-O 10. d4 cxd4 11. Nxd4 Nxe5 12. Nxe6 dxe6 13. Bxe5 Nd7 14. Bb2 Bf6 15.
Nc3 Nc5 16. Qe2 Bd7 17. Rad1 Qc7 18. Rd2 Rad8 19. Rfd1 Bc6 20. b4 Rxd2 21. Rxd2
Bxg2 22. Kxg2 Nd7 23. c5 Rd8 24. Ne4 Bxb2 25. Rxb2 Ne5 26. Nd6 h6 27. Qxe5 Qc6+
28. Kg1 b6 29. Rd2 bxc5 30. bxc5 Rb8 31. Qe4 Qxc5 32. Kg2 Qc7 33. Qf4 Qc6+ 34.
Qf3 Qc7 35. Ne4 f6 36. h4 Rb1 37. Rd1 Rb2 38. Rd2 Rb1 39. Qd3 Qc1 40. Qd8+ Kh7
41. Nxf6+ Kg6 42. Qe8+ Kxf6 43. Qd8+ Kg6 44. Qd3+ Kf6 45. Qd4+ Kg6 46. Qe4+ Kf6
47. Qf4+ Kg6 48. Qg4+ Kh7 49. Qe4+ g6 50. Rd7+ Kh8 51. Qa8+ 1-0

[Event "Women's Speed Chess Q3"]
[Site "chess.com INT"]
[Date "2021.05.30"]
[Round "6"]
[White "Novikova, Anna"]
[Black "Cyfka, Karina"]
[Result "0-1"]
[WhiteTitle "WIM"]
[BlackTitle "IM"]
[WhiteElo "2247"]
[BlackElo "2415"]
[WhiteFideId "4146794"]
[BlackFideId "1122681"]
[EventDate "2021.05.30"]

1. e4 d6 2. d4 Nf6 3. Nc3 Nc6 4. Be3 e5 5. Nf3 Bg4 6. dxe5 dxe5 7. Be2 Bb4 8.
O-O Bxc3 9. bxc3 Qxd1 10. Rfxd1 Nxe4 11. Bb5 Nxc3 12. Bxc6+ bxc6 13. Re1 Bxf3
14. gxf3 O-O 15. Bd2 Nd5 16. Rxe5 Rfe8 17. f4 f6 18. Rxe8+ Rxe8 19. Kf1 Kf7 20.
Rb1 Nb6 21. Be3 Re4 22. Kg2 Ke6 23. Kf3 Ra4 24. Rb2 g6 25. h4 Ra3 26. Ke2 Nc4
27. Rb7 Rxa2 28. Rxc7 Nxe3 29. Kf3 Nxc2 30. Rxc6+ Kd5 31. Rxf6 Nd4+ 32. Kg4 Rxf2
33. Rf7 h5+ 34. Kg5 Ne6+ 35. Kxg6 Nxf4+ 36. Kh6 a5 37. Ra7 Ra2 38. Kg5 Ke4 39.
Re7+ Kf3 40. Rf7 Ra4 41. Rf5 Kg3 42. Rf8 Nh3+ 43. Kxh5 Rxh4+ 44. Kg6 Rg4+ 45.
Kh7 a4 46. Ra8 Nf2 47. Kh6 Nd3 48. Kh5 Rb4 49. Rd8 Nc1 50. Rd1 Nb3 51. Rd3+ Kf2
52. Kg5 a3 53. Rd1 a2 0-1

[Event "Women's Speed Chess Q3"]
[Site "chess.com INT"]
[Date "2021.05.30"]
[Round "6"]
[White "Golubenko, Valentina"]
[Black "Skuhala, Barbara"]
[Result "1-0"]
[WhiteTitle "WGM"]
[BlackTitle "WFM"]
[WhiteElo "2209"]
[BlackElo "2077"]
[WhiteFideId "4501993"]
[BlackFideId "14605465"]
[EventDate "2021.05.30"]

1. d4 Nf6 2. Nf3 e6 3. g3 d5 4. Bg2 Be7 5. O-O O-O 6. c4 b6 7. cxd5 exd5 8. Nc3
Bb7 9. Bf4 Nbd7 10. Nb5 c5 11. Rc1 a6 12. Nd6 Bxd6 13. Bxd6 Re8 14. dxc5 bxc5
15. Bxc5 Rc8 16. Ba3 Rxc1 17. Qxc1 Rxe2 18. Nd4 Re8 19. Nc6 Bxc6 20. Qxc6 Qb6
21. Bxd5 Nxd5 22. Qxd7 Qb5 23. Qxb5 axb5 24. Bc5 h6 25. Rd1 Nf6 26. Bb6 Re2 27.
Rd8+ Kh7 28. Bd4 Ne4 29. Kg2 Rd2 30. Kf3 Ng5+ 31. Ke3 Rd1 32. Rc8 Ne6 33. Bc3
Rb1 34. Rb8 Nc7 35. Rb7 Nd5+ 36. Kd4 Nxc3 37. bxc3 Rb2 38. a4 Rd2+ 39. Ke3 Rc2
40. axb5 Rxc3+ 41. Kd4 Rb3 42. b6 f5 43. Kc5 Rb2 44. Rf7 Rxf2 45. b7 Rb2 46. Kc6
Kg6 47. Rd7 Kg5 48. Rd8 Kg4 49. b8=Q Rxb8 50. Rxb8 g5 51. Rb4+ Kf3 52. Kd5 Kg2
53. Ke5 Kxh2 54. Kxf5 Kxg3 55. Kg6 Kf3 56. Kxh6 g4 57. Rb3+ Kf2 58. Rb2+ 1-0

[Event "Women's Speed Chess Q3"]
[Site "chess.com INT"]
[Date "2021.05.30"]
[Round "6"]
[White "Nguyen, Thi Thanh An"]
[Black "Arpita, Mukherjee"]
[Result "1-0"]
[WhiteTitle "WGM"]
[BlackTitle "WIM"]
[WhiteElo "2259"]
[BlackElo "2206"]
[WhiteFideId "12400300"]
[BlackFideId "5056403"]
[EventDate "2021.05.30"]

1. d4 Nf6 2. Bf4 g6 3. e3 Bg7 4. Nf3 d6 5. h3 O-O 6. Be2 c5 7. c3 Nc6 8. O-O
cxd4 9. exd4 Qc7 10. Nbd2 e5 11. dxe5 dxe5 12. Bh2 Be6 13. Nc4 Bxc4 14. Bxc4
Rad8 15. Qe2 Rfe8 16. Rfe1 h6 17. Rad1 Rxd1 18. Rxd1 Qa5 19. Bb3 e4 20. Nd4 Ne5
21. Qb5 Qxb5 22. Nxb5 Nd3 23. Rd2 Re7 24. Nxa7 Nd7 25. Nb5 N7c5 26. Bd6 Nxb3 27.
axb3 Rd7 28. Bg3 f5 29. Bb8 g5 30. Ba7 f4 31. Bd4 Bxd4 32. Nxd4 Nc5 33. b4 Ne6
34. Nf3 Rc7 35. Ne5 Kg7 36. Rd7+ Rxd7 37. Nxd7 Nc7 38. Nc5 e3 39. fxe3 fxe3 40.
Kf1 Kf6 41. Nxb7 Nd5 42. Ke2 Ke5 43. Nc5 Kf4 44. b5 Kg3 45. Ne4+ Kxg2 46. c4
Nf4+ 47. Kxe3 Kxh3 48. b6 Ne6 49. b7 Kg2 50. b8=Q h5 51. Qg3+ Kh1 52. Nf2# 1-0

[Event "Women's Speed Chess Q3"]
[Site "chess.com INT"]
[Date "2021.05.30"]
[Round "6"]
[White "Kazarian, Anna-Maja"]
[Black "Doluhanova, Evgeniya"]
[Result "1/2-1/2"]
[WhiteTitle "FM"]
[BlackTitle "WGM"]
[WhiteElo "2096"]
[BlackElo "2207"]
[WhiteFideId "1033689"]
[BlackFideId "14112035"]
[EventDate "2021.05.30"]

1. e4 e5 2. Nf3 Nc6 3. Bc4 Bc5 4. d3 Nf6 5. O-O O-O 6. c3 d5 7. exd5 Nxd5 8. Re1
Re8 9. Bg5 f6 10. Bh4 Be6 11. Nbd2 Qd7 12. Ne4 Be7 13. Bg3 Nb6 14. Bxe6+ Qxe6
15. d4 Rad8 16. a4 a5 17. Qd3 Qc4 18. Qxc4+ Nxc4 19. dxe5 N6xe5 20. Nxe5 Nxe5
21. Bxe5 fxe5 22. Rad1 b6 23. g3 Kf7 24. Kg2 Ke6 25. Nd2 Bf6 26. Nc4 Rxd1 27.
Rxd1 Rd8 28. Rxd8 Bxd8 29. Kf3 Kd5 30. Ne3+ Kc5 31. Ke4 Bf6 32. Nd5 c6 33. Ne3
b5 34. b3 bxa4 35. bxa4 h6 36. Kf5 Kd6 37. h4 Kc5 38. Ke6 e4 39. Kf5 Bxc3 40.
Kxe4 Bd4 41. Nf5 Bxf2 42. h5 Kb4 43. Kd3 c5 44. g4 c4+ 45. Kc2 c3 46. Nxg7 Be3
47. Nf5 Bg5 48. Nd4 Kxa4 49. Kxc3 Bf6 50. Kc4 Ka3 51. Nb5+ Kb2 52. Nd6 a4 53.
Nb5 a3 54. Nxa3 Kxa3 55. Kd5 Bg5 56. Ke6 Kb4 57. Kf5 Kc5 58. Ke4 Kd6 59. Kf3 Ke6
60. Kg2 Ke5 61. Kh1 Kf4 62. Kg2 Kxg4 63. Kh1 Kxh5 64. Kg2 Kg4 65. Kh1 h5 66. Kg2
h4 67. Kh1 h3 68. Kg1 Bf4 69. Kh1 Kg3 70. Kg1 Be3+ 71. Kh1 h2 1/2-1/2

[Event "Women's Speed Chess Q3"]
[Site "chess.com INT"]
[Date "2021.05.30"]
[Round "6"]
[White "Balabayeva, Xeniya"]
[Black "Papp, Petra"]
[Result "1-0"]
[WhiteTitle "WFM"]
[BlackTitle "WGM"]
[WhiteElo "2178"]
[BlackElo "2336"]
[WhiteFideId "13719688"]
[BlackFideId "739049"]
[EventDate "2021.05.30"]

1. e4 c6 2. d4 d5 3. Nd2 dxe4 4. Nxe4 Nf6 5. Nxf6+ exf6 6. c3 Bd6 7. Bd3 O-O 8.
Qc2 Re8+ 9. Ne2 h5 10. Be3 Nd7 11. O-O-O Nf8 12. h3 h4 13. Rhg1 Be6 14. Kb1 Qa5
15. b3 c5 16. dxc5 Be5 17. Bd4 b6 18. Bxe5 fxe5 19. b4 Qa3 20. c6 a6 21. Qb2
Qxb2+ 22. Kxb2 b5 23. Bc2 Rac8 24. Rd6 Bc4 25. Nc1 Re6 26. Rxe6 Nxe6 27. Be4 g6
28. Rd1 f5 29. Bd5 Bxd5 30. Rxd5 Rxc6 31. Nd3 Nf4 32. Rd8+ Kg7 33. Nxe5 Re6 34.
Rd7+ Kf6 35. Nf3 Nxg2 36. Nd4 Re1 37. Rd6+ Kg5 38. Nf3+ Kh5 39. Nxe1 Nxe1 40.
Rxa6 g5 41. Rf6 f4 42. c4 bxc4 43. b5 Nd3+ 44. Kc3 Nc5 45. b6 Nd7 46. Rd6 Nc5
47. Kxc4 Nb7 48. Rd7 Na5+ 49. Kb5 g4 50. Rd5+ Kg6 51. hxg4 h3 52. Kxa5 h2 53.
Rh5 Kf6 54. b7 Ke7 55. b8=Q Ke6 56. Qb6+ Kf7 57. Rh7+ Kg8 58. Qg6+ Kf8 59. Qf7# 1-0